000 00969nam a2200325 a 4500
001 000112701
003 CHAP
005 20220329144318.0
008 161004s2007 mx a |r| ||1|||spa d
010 _a109162
011 _a110134
020 _a9789702609896
040 _cCHAP
082 0 4 _a517
_bP8Y 2007
100 0 0 _aPurcell, Edwin J.
_993038
245 1 0 _aCalculo diferencial e integral /
_cpor Edwin J. Purcell, Dale Varberg y Steven E. Rigdon.
250 _a9 ed.
260 _aMéxico :
_bPearson Educación,
_c2007.
300 _axv, 520 p. :
_bil.
534 _pTít. original :
_tCalculus, 9 ed.
590 _aE5765TAJ
_b05
_c20161004
_lUCH01
_h0941
590 _aE5765TAJ
_b05
_c20161004
_lUCH01
_h1359
650 1 4 _aCálculo diferencial.
_923993
650 1 4 _aCálculo integral
_xProblemas, ejercicios, etc.
_923996
700 0 _aVarberg, Dale.
_9117921
700 1 _aRigdon, Steven E.
_997411
901 _aBK
942 _cLIBRO
942 _n0
999 _c109162
_d109162